LEADER 01141nam0 22002891i 450 001 CUB0423670 005 20231121125500.0 020 $aIT$b1934 9143 100 $a20140404d1934 ||||0itac50 ba 101 | $aita 102 $ait 181 1$6z01$ai $bxxxe 182 1$6z01$an 200 1 $aSemplici nozioni di grammatica italiana, con esercizi ed esempi, ad uso delle scuole medie inferiori$fAlfredo Panzini 205 $a9 edizione riveduta e migliorata 210 $aFirenze$cR. Bemporad e Figlio$d1934 215 $a180 p.$d20 cm. 606 $aLingua italiana$xGrammatica$2FIR$3RMLC000349$9N 700 1$aPanzini$b, Alfredo$3CFIV009200$4070$03686 801 3$aIT$bIT-01$c20140404 850 $aIT-FR0017 899 $aBiblioteca umanistica Giorgio Aprea$bFR0017 $eN 912 $aCUB0423670 950 0$aBiblioteca umanistica Giorgio Aprea$d 52DFAG G 24$e 52SBA0000124755 VMC RS $fC $h20140404$i20140404 977 $a 52 996 $aSemplici nozioni di grammatica italiana, con esercizi ed esempi, ad uso delle scuole medie inferiori$93606628 997 $aUNICAS